000 01035nam a2200253Ia 4500
003 OSt
005 20221005110023.0
006 a|||||r|||| 00| 0
007 ta
008 221004b |||||||| |||| 00| 0 doi d
024 _a110032
037 _cTextual
040 _aCRL
_cCRL
_bdoi
041 _2doi
_adoi
082 _aO1541,1N30x, 152N1
100 _aमधुकर, केहरि सिंह
245 0 _aडोेला कुन्न ठप्पेआ
_b डोगरी कविताएं, पद्मा सचदेव अनु0
246 _aḌoelā kunna ṭhappeā: ḍogarī kavitāean, padmā sachadev anu0
260 _aनई दिल्ली
_bसाहित्य अकादेमी भारत
_c1991
300 _a103पृ0
_ccm.
700 _a सचदेव, पद्मा, अनु.
942 _hO1541,1N30x, 152N1
_cTEXL
_2cc
999 _c1017552
_d1017552